| 000 | 00382nam a2200145Ia 4500 | ||
|---|---|---|---|
| 008 | 181022s9999 xx 000 0 und d | ||
| 020 | _a9789814780872 | ||
| 100 | _aRosner, Bernard. | ||
| 245 |
_cBernard Rosner.-- _aBiostatistics / |
||
| 250 | _a8th ed | ||
| 260 |
_aUSA : _bCengage learning _c2017 |
||
| 300 | _axix, 927 pages. | ||
| 650 | _aBiometry. | ||
| 650 | _aBiostatistics. | ||
| 999 |
_c359290 _d359290 |
||